=LDR 00000nam 2200000 4500 =001 NUTBA000000000002215 =990 ##$$a 20801561 =005 20210106095206 =035 ##$$a 0010-061400000000158 =008 210106###########################0###### =020 ##$$a 978-979-769-208-7 =040 ##$$a Ind =082 ##$$a 658.15 =090 ##$$a 658.15$bIdr m =100 ##$$a Idroes, Ferry N =245 1#$$a Manajemen risiko pebankan : $b Pemahaman pendekatan 3 pilar kesepakatan basel II... /$c Ferry N idroes =250 ##$$a Ed. 1 =260 ##$$a Jakarta :$b Rajawali pers,$c 2008. =300 ##$$a Xii,258 Hlm : $b Ilus ; $c 22 cm. =850 ##$$a NBPNMAT =990 ##$$a 21400613/BPAP-NTB/20142014 =990 ##$$a 20801561 =990 ##$$a 20801561